Huyền cơ của tứ trụ
Guardat en:
| Autor principal: | |
|---|---|
| Altres autors: | |
| Format: | Llibre |
| Publicat: |
Hà Nội
Thời đại
2012
|
| Matèries: | |
| Etiquetes: |
Afegir etiqueta
Sense etiquetes, Sigues el primer a etiquetar aquest registre!
|
| Thư viện lưu trữ: | Trung tâm Học liệu Lê Vũ Hùng, Trường Đại học Đồng Tháp |
|---|
| LEADER | 00771pam a22002418a 4500 | ||
|---|---|---|---|
| 001 | 00043255 | ||
| 005 | 20181116141112.0 | ||
| 008 | 110318s1997 ||||||Viesd | ||
| 020 | # | # | |c 100000 |
| 041 | 0 | # | |a Vie |
| 082 | 1 | 4 | |a 133.3 |b H527C |
| 100 | 1 | # | |a Lý, Thuận Tường |
| 245 | 0 | 0 | |c Lý Thuận Tường; Tiến Thành (dịch) |a Huyền cơ của tứ trụ |
| 260 | # | # | |a Hà Nội |b Thời đại |c 2012 |
| 300 | # | # | |a 357 tr. |c 24 cm. |
| 653 | # | # | |a Dự đoán |
| 653 | # | # | |a Số mệnh |
| 653 | # | # | |a Tứ trụ |
| 653 | # | # | |a Âm dương ngũ hành |
| 700 | 1 | # | |a Tiến Thành |e (dịch) |
| 852 | # | # | |j KD.0025044 |
| 910 | 0 | # | |d 16/11/2018 |
| 980 | # | # | |a Trung tâm Học liệu Lê Vũ Hùng, Trường Đại học Đồng Tháp |